1819 1465 1384 1874 1777 1966 1921 1069 1829 1658 1114 1346 1466 1367 1066 1583 1013 1001 1202 1964 1215 1799 1891 1108 1670 1504 1324 1787 1670 1263 1084 1620 1894 1494 1498 1075 1386 1850 1743 1997 1724 1197 1351 1838 1139 1757 1947 1320 2000 1937 1271 1210 1887 1935 1018 1042 1431 1790 1225 1804 1728 1587 1939 1514 1721 1435 1462 1650 1705 1978 1515 1465 1260 1729 1883 1850 1093 1284 1343 1969 1248 1056 1048 1058 1291 1476 1055 1753 1196 1802 1014 1688 1087 1138 1770 1495 1511 1728 1257 BCNSPRNW ULIB Ver.6.0+V

เปลี่ยนเป็นภาษาไทย

Change to English
 แสดงรายละเอียดบรรณานุกรม
  กลับหน้าหลัก

Brief Record : Get Marc (ISO 2709) : E-mail record : QR code < ปิดหน้าต่าง
LEADER : 00000nam 2200000uu 4500
001    13399109752
003     ULIB
008    110410s2551||||th 000 0 tha d
020    9789740456650
060 04 WC100^bร924U 2551
245 00 Update on pediatric infectious diseases^n2008 /^cบรรณาธิการ, อังกูร เกิดพานิช ... [และคนอื่นๆ]
250    พิมพ์ครั้งที่ 1
260    กรุงเทพฯ :^bสมาคมโรคติดเชื้อในเด็กแห่งประเทศไทย,^c2551
300    v, 267 หน้า :^bภาพประกอบ ;^c26 ซม.
650  7 กุมารเวชศาสตร์
650  7 โรคติดต่อ^xในวัยทารกและวัยเด็ก
650  7 โรคติดต่อ, การควบคุม
700 0  อังกูร เกิดพานิช,^eบรรณาธิการ
710 2  สมาคมโรคติดเชื้อในเด็กแห่งประเทศไทย
945    ^p400^l0^i025988
945    ^p400^l0^i025987
995    ทศพร
999 ^a ใช้งานได้ทุกระบบ
รายการนี้ยังไม่มีแท็ก
คุณยังไม่ได้ล็อกอิน คุณสามารถมีกิจกรรมร่วมกับเว็บไซต์ได้ แต่ต้องล็อกอินก่อน ::
  ล็อกอิน

รายการสื่อสารสนเทศ

ลำดับที่ ประเภท เลขเรียก/บาร์โค้ด สถานที่ สถานะ
- ไม่พบข้อมูล -

รายการใกล้เคียง
    หัวเรื่อง [กุมารเวชศาสตร์]
    หัวเรื่อง [โรคติดต่อ, การควบคุม]

BibComment


ยังไม่เคยถูกคอมเมนท์

คอมเมนท์ทรัพยากรรายการนี้
  คอมเมนท์: Update on pediatr..


 Copyright 2026. Bcnsprnw @Library